| 000 | 00847nam a2200241 i 4500 | ||
|---|---|---|---|
| 001 | 78811 | ||
| 003 | ES-MaACL | ||
| 005 | 20250808031135.0 | ||
| 007 | t| | ||
| 008 | 041018s1946 sp ||||1| spa d | ||
| 100 | 1 |
_aHayes, Carlton J. H. ( _d1882-1964) _962194 |
|
| 245 | 1 | 0 |
_aHistoria política y cultural de la Europa moderna / _cCarlton J.H. Hayes ; traducción de Olga Díez. |
| 250 | _a[1ª ed.]. | ||
| 260 |
_aBarcelona : _bJuventud, _c[1946] ( _fAgustín Núñez) |
||
| 300 |
_a1 v., 30 lám. ; _c23 cm. |
||
| 500 | _aEs el v. 1º. | ||
| 505 | 8 | _aContiene: V. 1. Tres siglos de sociedad predominantemente agrícola : 1500-1830 (XIV, 807 p.) | |
| 650 | 7 |
_aHistoria moderna _2embne _913420 |
|
| 651 |
_aEuropa- _xHistoria. _98599 |
||
| 700 | 1 |
_aDíez de Vidal, Olga. _944666 |
|
| 852 |
_aES-MaACL _jP-752-bis |
||
| 999 |
_c78811 _d78811 |
||